| 000 | 01033nas a2200313 4500 | ||
|---|---|---|---|
| 001 | BR2012009588 | ||
| 003 | BR-BrBNA | ||
| 005 | 20231205121709.0 | ||
| 007 | ta | ||
| 008 | 230509b bl.|||p| |||| 00| 00por d | ||
| 040 |
_aBR-BrBNA _bpor _cBiblioteca Nacional de Agricultura |
||
| 041 | _a(Pt) | ||
| 072 | _aQ02 | ||
| 100 | 1 | _aContado, E.W.N. da F. | |
| 100 | 1 | _aPatto, L. da S. | |
| 100 | 1 | _aRocha, D.A. | |
| 100 | 1 | _aAbreu, C.M.P. de | |
| 100 | 1 | _aCorrêia, A.D. | |
| 100 | 1 | _aSantos, C.D. dos | |
| 245 | 1 | _aEstudo dos métodos de extração de carotenóides em cenoura por fluido supercrítico (efs)e convencional | |
| 650 | _aANTIOXIDANTE | ||
| 650 | _aCAROTENO | ||
| 650 | _aEXTRAÇÃO SUPERCRÍTICA | ||
| 650 | _aPROCESSAMENTO | ||
| 773 | 0 |
_tCiência e Agrotecnologia (Brazil) _xISSN 1413-7054 _g(2010), v.34(Ed. Especial) p. 1617-1623 _wBR2012009588 |
|
| 856 | 4 | 0 | _uhttp://www.cloud.editora.ufla.br/revistas/cienagro/pdf/34-E-2010_05.pdf |
| 909 |
_a202311 _bLúcia _c55 _dLúcia Elande |
||
| 942 |
_2AGRIS _n0 _cANA |
||
| 999 |
_c224778 _d224778 |
||